[Event "ARG-ch Amateur U2000"]
[Site "Torre Blanca"]
[Date "2016.12.09"]
[Round "3.3"]
[White "Quinonez, Hector"]
[Black "Larrosa, Damian"]
[Result "0-1"]
[WhiteElo "1900"]
[BlackElo "1801"]
[PlyCount "91"]
[EventDate "2016.12.08"]
[EventType "swiss"]
[EventRounds "9"]
[EventCountry "ARG"]
[SourceTitle "EXT 2024"]
[Source "ChessBase"]
[SourceDate "2023.10.10"]
[SourceVersion "1"]
[SourceVersionDate "2023.10.10"]
[SourceQuality "1"]

1. e4 e5 2. Nf3 Nc6 3. d4 exd4 4. Nxd4 Bc5 5. Be3 Qf6 6. c3 Nge7 7. Bc4 Ne5 8. Be2 Qg6 9. 0-0 d6 10. Kh1 c6 11. Nd2 Bg4 12. f3 Bd7 13. f4 Ng4 14. Bg1 h5 15. h3 0-0-0 16. Qe1 Qh6 17. Qg3 Nf6 18. Bd3 h4 19. Qg5 Ng6 20. Rf3 Qxg5 21. fxg5 Nh5 22. Bh2 Ne5 23. Bxe5 dxe5 24. Ne2 Be6 25. Nb3 Be7 26. c4 Bxg5 27. Nc3 Be7 28. Kh2 Ng3 29. a4 g5 30. a5 a6 31. Na4 Rhf8 32. Nbc5 Kb8 33. b4 g4 34. Nxe6 fxe6 35. Rxf8 Bxf8 36. Bc2 Rd2 37. Rd1 Rxd1 38. Bxd1 Nxe4 39. Bxg4 Bxb4 40. Bxe6 Bxa5 41. Bf5 Ng3 42. Bg4 e4 43. Nc5 e3 44. Nb3 Bc3 45. Nc1 a5 46. Bd1 0-1